000 00789nam a22001937a 4500
999 _c20126
_d20126
003 AR-CdUCM
008 190527b ||||| |||| 00| 0 spa d
040 _aMUNICIPALIDAD PROVINCIAL DEL CUSCO
_cBIBLIOTECA MUNICIPAL DEL CUSCO
082 _a331.08 /
_bN36
110 _aOficina Internacional de Trabajo
_942095
245 _aLas negociaciones colectivas :
_bManual de educación obrera /
260 _aGinebra :
_bHenri studer
_c1960.
300 _a174 páginas ;
_c25 cm.
505 _aContenido: Definición y orígenes de las negociaciones colectivas -- El reconocimiento de los sindicatos -- Condiciones necesarias para el reconocimiento de los sindicatos...
650 _aNegociaciones colectivas
_942096
650 _aLos sindicatos
_928760
942 _2ddc
_cLIBROS
945 _aAndy